Statistics for Fictional Characters by Letter - H

Click here to take the quiz!

General Stats

  • This quiz has been taken 21,184 times
  • The average score is 11 of 20

Answer Stats

Hint Character % Correct
Strongman of Greek legendHeracles
92%
Ron Weasley's better halfHermione Granger
90%
Bruce Banner's angry sideHulk
88%
Miley Stewart's secret identityHannah Montana
76%
Tom Sawyer's BFFHuckleberry Finn
75%
Shakespearean prince of DenmarkHamlet
72%
Sold his soul for a donutHomer Simpson
71%
Will eat your liver with fava beans
and a nice chianti
Hannibal Lecter
69%
Calvin's tigerHobbes
67%
Do ya feel lucky, punk?Harry Callahan
65%
Tormented the residents
of Sleepy Hollow
Headless Horseman
56%
"Horrible" comic-strip VikingH├Ągar the Horrible
45%
Hero of Troy killed by AchillesHector
43%
Sitcom doctor portrayed
by Bill Cosby
Heathcliff Huxtable
42%
Seller of propane
and propane accessories
Hank Hill
40%
Hockey player turned golferHappy Gilmore
37%
"Catcher in the Rye" protagonistHolden Caulfield
32%
"Breakfast at Tiffany's" protagonistHolly Golightly
28%
Had to wear a scarlet AHester Prynne
27%
"Lost" character also called HurleyHugo Reyes
15%

Score Distribution

Percentile by Number Answered

Percent of People with Each Score

Your Score History

You have not taken this quiz